| 000 | 00364nam a2200145Ia 4500 | ||
|---|---|---|---|
| 999 |
_c11103 _d11103 |
||
| 082 | _a010.1 GOR-; | ||
| 100 | _aGore, Daniel | ||
| 245 | 0 | _aBibliography for beginners | |
| 250 | _a2nd | ||
| 260 |
_aNew York _bAppleton-Century-Crofts _c1973 |
||
| 300 | _axiii, 248p. | ||
| 650 | _aInformation resources | ||
| 650 | _aBibliography - Methodology | ||
| 942 |
_cBK _2ddc |
||